00672nam a22002297a 450000500170000001000130001702000230003003500130005303700160006604000120008208200170009410000240011124500940013525000110022926000460024027000450028630000200033150000190035165000260037065000240039670000220042020170124110044.0 aA-817138 c225.00a8120310454 aA-817138 bCen Lib/Ret aDPLbEN a519.535bJOH aJohnson, Richard A. aApplied multivariate statistical analysis /cby Richard A.Johnson [nad] Dean W. Wichern a3rd ed a New DelhibPrentice -Hall of Indiac1996 aM-97,Connaught CircusbNew Delhie110001 a642p.c22cm(Hb) aIncludes index aMultivariate analysis aMultivariate Linear aW. Wichern, Dean